000 00945nam a2200265 i 4500
001 8971
003 KOSZ 005
005 20200514142938.0
008 070616s1969 pl f 000 0 pol
015 _aPB 1970/24
040 _aWA N
_cWA N
_dKOSZ 005/RW
080 _a389.6(438):351.82(438)
100 1 _aAmbrożewicz, Maria.
_eAutor
245 1 0 _aZbiór aktów prawnych dotyczących normalizacji /
_cMaria Ambrożewicz, Kazimierz Grzesik, Tadeusz Wóycicki.
260 _aWarszawa :
_bWydawnictwa Normalizacyjne,
_c1969.
300 _a365, [1] s. ;
_c23 cm.
380 _aKsiążki.
650 4 _aNormalizacja
650 4 _aPrawo
700 1 _aGrzesik, Kazimierz.
_eAutor
700 1 _aWóycicki, Tadeusz.
_eAutor
710 2 _aWydawnictwa Normalizacyjne
_4pbl.
856 _uhttp://koha.tu.koszalin.pl/cgi-bin/koha/opac-detail.pl?biblionumber=8971
_yKatalog online BPK
942 _2UKD
_cKS
999 _c8971
_d8971